[Event "Barcelona Rubi op-B 5th"]
[Site "Barcelona"]
[Date "2004.04.??"]
[Round "1"]
[White "Houssier, Sebastian"]
[Black "Baldo Manosa, Joan"]
[Result "0-1"]
[WhiteElo "1700"]
[BlackElo "1800"]
[PlyCount "78"]
[EventDate "2004.04.25"]
[EventType "swiss"]
[EventRounds "7"]
[EventCountry "ESP"]
[SourceTitle "EXT 2007"]
[Source "ChessBase"]
[SourceDate "2006.11.23"]
[SourceVersion "1"]
[SourceVersionDate "2006.11.23"]
[SourceQuality "1"]

1. e4 e5 2. Nf3 Nc6 3. Bc4 Nf6 4. Ng5 d5 5. exd5 Nxd5 6. Nxf7 Kxf7 7. Qf3+ Ke6 8. Nc3 Nce7 9. 0-0 c6 10. d4 Kd6 11. dxe5+ Kc7 12. Bf4 Be6 13. Nxd5+ Nxd5 14. Bxd5 Qxd5 15. Rad1 Qxf3 16. gxf3 Bc5 17. h3 Rhd8 18. c3 Rxd1 19. Rxd1 Rd8 20. Re1 Rd3 21. Kg2 a5 22. a3 a4 23. Re4 b5 24. Bg5 h6 25. Bh4 Rd2 26. Bg3 Rxb2 27. Rf4 Kb6 28. h4 Bxa3 29. Re4 Rc2 30. Re3 Bb2 31. f4 Rxc3 32. Re2 Rb3 33. f3 a3 34. Bf2+ Kc7 35. Rd2 a2 36. Rd1 a1Q 37. Rxa1 Bxa1 38. Bc5 Bd5 39. f5 Bxe5 0-1